Currencies of South & Central Asia on a Map - Statistics

General Stats
  • This quiz has been taken 86 times
    85 since last reset
  • The average score is 10 of 13
Answers on the Map
Answers color-coded by a green-red scale on the quiz's map according to % correct below.
 
Answer Stats
Currency % Correct
Indian rupee
98%
Nepali rupee
98%
Pakistani rupee
98%
Rufiyaa
98%
Sri Lankan rupee
98%
Afghani
84%
Som
79%
Sum
79%
Manat
69%
Tenge
62%
Somoni
59%
Taka
59%
Ngultrum
38%
No matching quizzes found
Score Distribution
Percent of People with Each Score
Percentile by Number Answered
Your Score History
You have not taken this quiz since the last reset